Listenhunde Quiz - Statistiken

Allgemein
  • Dieses Quiz wurde 47 mal gespielt
    7 seit der letzten Aktualisierung
  • Das Durchschnittsergebnis liegt bei 3 aus 22
Antwortstatistiken
Rasse Listenhund in % Korrekt
Dobermann Brandenburg
60%
American Pit Bull Terrier Baden-Württemberg, Bayern, Berlin, Brandenburg, Bremen, Hamburg, Hessen, NRW, Rheinland-Pfalz, Saarland, Sachsen, Sachsen-Anhalt
40%
Bullterrier Baden-Württemberg, Bayern, Berlin, Brandenburg, Bremen, Hamburg, Hessen, NRW, Sachsen, Sachsen-Anhalt
40%
Rottweiler Bayern, Brandenburg, Hamburg, Hessen, NRW
40%
Alano Bayern, Brandenburg, NRW
20%
Dogo Argentino Baden-Württemberg, Bayern, Brandenburg, Hamburg, Hessen, NRW
20%
Kaukasischer Owtscharka Hamburg, Hessen
20%
Mastiff Baden-Württemberg, Bayern, Brandenburg, Hamburg, NRW
20%
Staffordshire Bullterrier Baden-Württemberg, Bayern, Brandenburg, Bremen, Hamburg, Hessen, NRW, Rheinland-Pfalz, Saarland, Sachsen-Anhalt
20%
American Bulldog Bayern, NRW
0%
American Staffordshire Terrier Baden-Württemberg, Bayern, Berlin, Brandenburg, Bremen, Hamburg, Hessen, NRW, Rheinland-Pfalz, Saarland, Sachsen, Sachsen-Anhalt
0%
Bandog Bayern
0%
Bullmastiff Baden-Württemberg, Bayern, Brandenburg, Hamburg, NRW
0%
Cane Corso Italiano Bayern, Brandenburg
0%
Dogue de Bordeaux Baden-Württemberg, Bayern, Brandenburg, Hamburg
0%
Fila Brasileiro Baden-Württemberg, Bayern, Brandenburg, Hamburg, Hessen, NRW
0%
Kangal-Hirtenhund Hamburg, Hessen
0%
Mastín Español Baden-Württemberg, Bayern, Brandenburg, Hamburg, NRW
0%
Mastino Napoletano Baden-Württemberg, Bayern, Brandenburg, Hamburg, NRW
0%
Perro de Presa Canario Bayern, Brandenburg
0%
Perro de Presa Mallorquin Bayern, Brandenburg
0%
Tosa Inu Baden-Württemberg, Bayern, Brandenburg, Hamburg, NRW
0%
Keine übereinstimmenden Quizze gefunden
Verteilung der Resultate
Anzahl Personen mit jedem Resultat
Perzentil nach korrekt beantworteten Fragen
Ihre Resultats-Entwicklung
Sie haben dieses Quiz seit der letzten Aktualisierung nicht gespielt